| 000 | 01687nam a2200373 a 4500 | ||
|---|---|---|---|
| 001 | 000012903 | ||
| 003 | DO-SdBNP | ||
| 005 | 20180305140440.0 | ||
| 007 | 000012903 | ||
| 008 | 091118s2010 dr ac 000 0 spa d | ||
| 020 | _a994540010X | ||
| 020 | _a9945400118 (v. 2) | ||
| 020 | _a9945400126 (v. 3) | ||
| 020 | _a9945400134 (v. 4) | ||
| 040 |
_aBPMSU _bspa _cBPMSU |
||
| 092 |
_axxxx _bxxxx |
||
| 100 | _aGonzález, Olimpia | ||
| 245 | 0 | 0 |
_aLengua I : _bprimer ciclo educación media / _cOlimpia González, Juan Francisco Jaspe Neró |
| 260 |
_aSanto Domingo : _bActualidad Escolar 2000, _c2010 |
||
| 300 |
_a234p. : _bil. ; _c29 cm. |
||
| 500 | _aLa Biblioteca posee la Guía metodológica del primer ciclo educación media | ||
| 505 | 0 |
_gv. 1 : Primer ciclo _tciudadanos e inmigrantes -- _tCazador de tendencias -- _tLas predicciones de Julio Verne -- _tPremiarán calidad en gestión pública -- _tLas islas Galapagos -- _tTurismo y comunidad -- _tEducación y medio de comunicación -- _tEl papel de los intelectuales en la sociedad -- _tEl hombre se posee en la medida que posee su lenguaje -- _tRonda por el cuento brevísimo -- _tGuayo o rayador taíno -- _tPulsaciones magnéticas que afectan el cerebro -- |
|
| 650 |
_aGRAMÁTICA _xENSEÑANZA SECUNDARIA |
||
| 650 |
_aEDUCACIÓN SECUNDARIA _xREPÚBLICA DOMINICANA |
||
| 650 |
_aGRAMÁTICA _xLIBROS DE TEXTO |
||
| 650 | _aGRAMÁTICA | ||
| 651 | _xESTUDIOS Y EJERCICIOS | ||
| 700 | 1 | 2 | _aSánchez, Olimpia |
| 700 | 1 | _aJaspez Neró, Juan Francisco | |
| 700 | 1 | 2 |
_aSandoval, Ramón _eil. |
| 942 |
_2ddc _cBK |
||
| 945 | _aRemanejado para la BNPHU / 2018 VM | ||
| 956 |
_aVMATEO _b10 _c20150813 _lBPMSU _h00151 |
||
| 999 |
_c9776 _d9776 |
||